MARC

LEADER 00000nam0a2200000 4500
001 362482
005 20231102011508.0
035 |a (RuTPU)RU\TPU\retro\19828 
090 |a 362482 
100 |a 20210727d1964 m y0rusy50 ca 
101 0 |a rus 
102 |a RU 
105 |a a j 001zy 
200 1 |a Основы передачи данных по проводным каналам связи  |e учебное пособие для вузов  |f В. С. Гуров, Г. А. Емельянов, Н. Н. Етрухин, Е. В. Базилевич 
210 |a Москва  |c Связь  |d 1964 
215 |a 312 с.  |c ил. 
320 |a Библиогр.: с. 306-308 
606 1 |a Информация  |x Передача по каналам связи  |2 stltpush  |3 (RuTPU)RU\TPU\subj\12993  |9 39683 
610 1 |a учебные пособия 
610 1 |a основные понятия 
610 1 |a переходные процессы 
610 1 |a спектры 
610 1 |a двоичные сигналы 
610 1 |a импульсы 
610 1 |a искажения 
610 1 |a помехоустойчивость 
610 1 |a помехоустойчивые коды 
610 1 |a фазирование 
610 1 |a каналы связи 
610 1 |a аппаратура 
675 |a 621.391.3.052(075.8)  |v 4 
701 1 |a Гуров  |b В. С.  |g Вадим Сергеевич 
701 1 |a Емельянов  |b Г. А.  |g Геннадий Алексеевич 
701 1 |a Етрухин  |b Н. Н.  |g Николай Никифорович 
701 1 |a Базилевич  |b Е. В.  |g Евгений Владимирович 
801 1 |a RU  |b 63413507  |c 20210727 
942 |c BK